රණශූරයාගේ අවසානය/
Saved in:
| Main Author: | |
|---|---|
| Format: | Book |
| Language: | English Sinhalese |
| Published: |
මොරටුව:
නිපුන් ප්රකාශන,
2019.
|
| Subjects: | |
| Tags: |
Add Tag
No Tags, Be the first to tag this record!
|
MARC
| LEADER | 00000nam a22000007a 4500 | ||
|---|---|---|---|
| 008 | 251224b |||||||| |||| 00| 0 eng d | ||
| 020 | |a 9789553704245 | ||
| 041 | |h sin | ||
| 082 | |a 891.483 |b BLA | ||
| 100 | |a Blade, Adam | ||
| 245 | |a රණශූරයාගේ අවසානය/ | ||
| 260 | |a මොරටුව: |b නිපුන් ප්රකාශන, |c 2019. | ||
| 300 | |a පි.70: |c සෙ.මි.20 | ||
| 650 | 0 | |a පරිවර්තන | |
| 942 | |c BK | ||
| 999 | |c 27151 |d 27151 | ||